000
00172 a2200097 4500
020
_a
9780836836974
041
_a
spa
100
_a
Amos, Janine
245
_a
Vete
942
_c
BK
999
_c
7367
_d
7367